Sloboda v podniku

Keď vo firme prevláda zarábanie peňazí nad radosťou z práce, je to znak jej neslobody. Dve dminezie vnútornej slobody človeka: sloboda "na" a sloboda "od". Prejavy slobody a neslobody vo firme. Ako fungujú slobodné a neslobodné firmy.

Guardado en:
Detalles Bibliográficos
Autor principal: Košturiak, Ján
Formato: Capítulo de libro
Lenguaje:eslovaco
Materias:
Etiquetas: Agregar Etiqueta
Sin Etiquetas, Sea el primero en etiquetar este registro!

MARC

LEADER 00000naa a2200000 4500
001 0190486
005 20231113101424.8
041 0 |a slo 
044 |a SK 
245 1 0 |a Sloboda v podniku  |c Ján Košturiak 
520 |a Keď vo firme prevláda zarábanie peňazí nad radosťou z práce, je to znak jej neslobody. Dve dminezie vnútornej slobody človeka: sloboda "na" a sloboda "od". Prejavy slobody a neslobody vo firme. Ako fungujú slobodné a neslobodné firmy. 
610 2 0 |a manažment 
610 2 0 |a manažéri 
610 2 0 |a zamestnanci 
610 2 0 |a zákazníci 
610 2 0 |a riadenie 
610 2 0 |a firmy 
610 2 0 |a sloboda 
100 1 |a Košturiak, Ján